00303 a2200133 450000100060000002000180000604000220002410000250004624000260007124500210009730000070011836200090012565000350013459997 a9783192016721 cAnchieta - Pituba aWilhelmi, Friederike10aLea? Nein danke!lpor10aLea? Nein danke! a470 a2009 4aLiteratura juvenil em alemàƒo